000 01051naa a22003017a 4500
001 BR7304711
003 BR-BrBNA
005 20240918173457.0
007 ta
008 230509b bl.||||| |||| 00| 0 por d
040 _aBR-BrBNA
_bpor
_cBiblioteca Nacional de Agricultura
041 _a(Pt)
072 _aQ10
_b9921
090 _aQ10 BR7304711
100 1 _aLima, U. de A.
111 1 _a3. Semana da Fermentacao Alcoolica
_cPiracicaba, SP (Brazil)
_d1962
245 1 _aDestilacao dos vinhos
260 3 _aPiracicaba, SP (Brasil):
_c1962.
500 _aAlmeida, J.R. de Fermentacao do caldo de cana Piracicaba, SP (Brasil): 1962. v. 2 p. 236-255 (BR7304711-AM)Q10
650 _aTecnologia de alimento
650 _aBebida alcoolica
650 _aVinho
650 _aDestilacao
650 _aDestilaria
773 0 _tFermentacao do caldo de cana
_aAlmeida, J.R. de - Instituto Zimotecnico, Piracicaba, SP (Brasil)
_w0230 BR7400787
_gPiracicaba, SP (Brasil), 1962.
_qv. 2
909 _a202404
_bLucia
_c55
_dLucia Elande
942 _cAM
_2AGRIS
999 _c304852
_d304852